| 000 | 00829nam a2200277Ia 4500 | ||
|---|---|---|---|
| 003 | OSt | ||
| 005 | 20221007110507.0 | ||
| 006 | a|||||r|||| 00| 0 | ||
| 007 | ta | ||
| 008 | 221006b |||||||| |||| 00| 0 eng d | ||
| 020 | _a080390200X | ||
| 024 | _a21,232 | ||
| 037 | _cTextual | ||
| 040 |
_aLCO _cLCO _beng |
||
| 041 |
_2eng _aeng |
||
| 082 | _aY1:414OaZ,5, L4 | ||
| 100 |
_aInciardi James A. Ed. _9707573 |
||
| 245 | 0 | _aDrugs and the Criminal Justice System | |
| 260 |
_aLondon _bSage Publications U.K. _c1974 |
||
| 300 | _a249 | ||
| 500 | _aSage Criminal Justice System Annuals, Volume- II | ||
| 650 |
_aCRIMINAL JUSTICE _9695785 |
||
| 700 |
_a Chambers Carl D. Ed. _9707574 |
||
| 942 |
_hY1:414OaZ,5, L4 _cTEXL |
||
| 999 |
_c1190795 _d1190795 |
||